<?xml version="1.0" encoding="UTF-8"?>
<marc:record xmlns:marc="http://www.loc.gov/MARC21/slim">
   <marc:leader>00000nam a2200000 a 4500</marc:leader>
   <marc:datafield ind1=" " ind2=" " tag="653">
      <marc:subfield code="a">Softcover / Kinder- und Jugendbücher/Sachbücher</marc:subfield>
   </marc:datafield>
   <marc:datafield ind1=" " ind2=" " tag="653">
      <marc:subfield code="a">Sachbilderbücher</marc:subfield>
   </marc:datafield>
   <marc:datafield ind1="0" ind2="0" tag="245">
      <marc:subfield code="a">Vertrauen</marc:subfield>
   </marc:datafield>
   <marc:datafield ind1=" " ind2="1" tag="264">
      <marc:subfield code="a">Hohenems</marc:subfield>
      <marc:subfield code="b">Bucher</marc:subfield>
      <marc:subfield code="c">2012</marc:subfield>
   </marc:datafield>
   <marc:datafield ind1="1" ind2=" " tag="520">
      <marc:subfield code="a">Angaben aus der Verlagsmeldung

Vertrauen : Auf dem Weg des Glaubens / von Renate Fink, Doris Gilgenreiner, Maria Lang, Renate Messner-Kaltenbrunner, Georg Vith

Dieses Buch für Kinder und Eltern, Großeltern, Paten – für alle, die Kinder begleiten – lädt ein, gemeinsam den Schatz des Glaubens zu entdecken. Bilder zum Schauen, Staunen und Entdecken, Erzählungen aus der Bibel zum (Vor-)Lesen und Hören und Texte zum Singen oder Weiterdenken machen dieses Buch zu einem besonderen Glaubensbuch. Durch individuelle Gestaltungsmöglichkeiten wird es auch zum Erinnerungsalbum. Das Buch eignet sich für Kinder von fünf bis neun Jahren, als Geschenk zur Erstkommunionund für Eltern zur Taufe ihrer Kinder.Anregungen und Impulse zur Gestaltung, Hinweise zur Verwendung im Religionsunterricht,in der Familienpastoral und zur Vorbereitung auf die Erstkommunion finden sich in einem Begleitbuch (ist gesondert zu bestellen unter ISBN 978-3-99018-133-1, EUR 8,40).
</marc:subfield>
   </marc:datafield>
   <marc:datafield ind1=" " ind2=" " tag="020">
      <marc:subfield code="a">9783990181324</marc:subfield>
      <marc:subfield code="9">9783990181324</marc:subfield>
   </marc:datafield>
   <marc:datafield ind1=" " ind2=" " tag="041">
      <marc:subfield code="a">ger</marc:subfield>
   </marc:datafield>
   <marc:datafield ind1=" " ind2=" " tag="300">
      <marc:subfield code="a">78 S.</marc:subfield>
   </marc:datafield>
</marc:record>
